La NBA de A à Z - Statistiques

Statistiques générales
  • Ce quiz a été pris 56 fois
  • Le résultat moyen est 19 sur 26
Statistiques - réponses
Lettre Question Réponse % Correct
A Ville où se trouve la franchise des Hawks. Atlanta
100%
K Franchise basée à New-York. Knicks
96%
F Quel pays non-américain a envoyé le plus de joueurs en NBA ? La France
96%
C Équipe la plus titrée de l'histoire. Celtics
90%
Q D'une durée de 12 minutes en NBA, il dure souvent 10 minutes dans les autres compétitions. Quart-temps
90%
U Etat american qui a la franchise des Jazz. Utah
90%
J Meilleur marqueur de l'histoire de la ligue. Lebron James
88%
V Ville canadienne qui a eu une franchise avant que celle-ci ne déménage à Memphis. Vancouver
86%
I Ville qui abrite la franchise des Pacers. Indianapolis
82%
M Franchise basée à Orlando. Magic
82%
P Quel animal est représenté sur le logo de l'équipe de la Nouvelle-Orléans ? Un Pélican
82%
D Double MVP et cinq fois champion avec les Spurs. Il est considéré comme le meilleur ailier fort de l'histoire. Tim Duncan
80%
G Ligue mineure rattachée à la NBA. G-League
75%
H Dans quelle franchise Tony Parker a t'il fini sa carrière ? Hornets de Charlotte
75%
W 1er choix de la draft 2023. Victor Wembanyama
75%
O Pivot nigérian qui a passé la quasi totalité de sa carrière à Houston. Hakeem Olajuwon
71%
N Ailier fort allemand champion avec Dallas en 2011. Dirk Nowitzki
65%
L Joueur dont un dès surnoms est Dame Time Damian Lillard
61%
T Seul joueur à avoir marqué 14 3-points dans un match. Klay Thompson
61%
Y Prénom du meilleur joueur chinois de l'histoire. Yao
57%
R Joueur avec le plus de bagues. Bill Russell
55%
B Ancien nom des Wizards. Bullets de Washington
55%
X Expression pour désigner un joueur qui peut faire basculer un match X-Factor
51%
S Concours de dunk qui a lieu durant le All-Star Week-end. Slam Dunk Contest
47%
Z Joueur croate qui a surtout joué aux Clippers. Ivica Zubac
45%
E Champion avec Philadelphie, il est aussi MVP en 1981 Julius Erving
45%
Aucun quiz correspondant
Distribution des résultats
% des personnes avec chaque résultat
Percentile par nombre de réponses
Votre historique - résultats
Vous n’avez pas pris ce quiz